000 00425 a2200157 4500
001 69354
020 _a857208455-X
040 _cAnchieta - Itaigara
100 _aSypriano, Lilian
240 1 0 _aLiloca gatoca sumiu! Onde será que ela está? Você viu?
_lpor
245 1 0 _aLiloca gatoca sumiu! Onde será que ela está? Você viu?
300 _a31
362 0 _a2006
650 4 _aLiteratura infanto-juvenil
942 _cBK
999 _c69354
_d69354